| 000 | 00356pam a2200157a 44500 | ||
|---|---|---|---|
| 008 | 230515b2002 xxu||||| |||| 00| 0 eng d | ||
| 020 | _aNULL | ||
| 041 | _aENGLISH | ||
| 082 | _aN.D. | ||
| 100 | _aDrozdek A | ||
| 245 | _aElements of Data Compression | ||
| 250 | _a0 | ||
| 260 |
_aNULL _bThomson Books / Cole. _c2002 |
||
| 300 | _a221 | ||
| 650 | _aNULL | ||
| 999 |
_c586589 _d586589 |
||